Working of Bombay tenancy act 1948 (Record no. 20099)
[ view plain ]
| 000 -LEADER | |
|---|---|
| fixed length control field | 00325nam a2200121Ia 4500 |
| 082 ## - DEWEY DECIMAL CLASSIFICATION NUMBER | |
| Classification number | 332.021.8(547.1) |
| Item number | DAN |
| 100 ## - MAIN ENTRY--AUTHOR NAME | |
| Personal name | DANDEKAR, V M |
| 245 #0 - TITLE STATEMENT | |
| Title | Working of Bombay tenancy act 1948 |
| 260 ## - PUBLICATION, DISTRIBUTION, ETC. (IMPRINT) | |
| Place of publication | Poona |
| Name of publisher | Gokhale Institute |
| Year of publication | 1954 |
| 700 ## - ADDED ENTRY--PERSONAL NAME | |
| Personal name | KHUDANPUR, G J |
| 942 ## - ADDED ENTRY ELEMENTS (KOHA) | |
| Koha item type | Books |
| Withdrawn status | Lost status | Damaged status | Not for loan | Home library | Current library | Date acquired | Source of acquisition | Full call number | Accession Number | Koha item type |
|---|---|---|---|---|---|---|---|---|---|---|
| RRII Library | RRII Library | 16/12/2021 | Auction | 332.021.8(547.1) DAN | 00827 | Books |